000 00557cam a2200145 4500500
005 20260208002441.0
041 _afre
042 _adc
100 1 0 _aMasset, Claude
_eauthor
245 0 0 _aAnny Bloch-Raymond, Des berges du Rhin aux rives du Mississippi. Histoire et récits de migrants juifs, Paris, Michel Houdiard, 2009, 195 p., bibl.
260 _c2011.
500 _a35
786 0 _nL'Homme | 198-199 | 2 | 2011-07-01 | p. 367w-431w | 0439-4216
856 4 1 _uhttps://shs.cairn.info/revue-l-homme-2011-2-page-367w?lang=fr&redirect-ssocas=7080
999 _c1646418
_d1646418